Planeetat kuvien mukaan - Statistics

Yleistilastot
  • Tätä visaa on pelattu 4 588 kertaa
  • Keskiarvotulos 5 / 8
Vastaustilastot
Kuvavisa Vastaus % Oikein
Maa
99%
Saturnus
94%
Mars
68%
Venus
66%
Neptunus
64%
Jupiter
47%
Merkurius
39%
Uranus
38%
Ehtoja vastaavia visoja ei löytynyt
Tulosjakauma
Jokaisen tuloksen saaneiden osuus
Persentiili vastausten määrän mukaan
Tuloshistoriasi
Et ole pelannut tätä visaa